Nome completo dos países da Europa Ocidental - Statistics

Estatísticas Gerais
  • Esse quiz foi jogado 28 vezes
  • A pontuação média é 13 de 18
Estatísticas das Respostas
País Nome completo % Correto
Irlanda Irlanda
92%
Reino Unido Irlanda
92%
Reino Unido E
84%
Reino Unido Reino
84%
Bélgica Reino
84%
Irlanda Da
72%
Reino Unido Da
72%
Bélgica Da
72%
Países Baixos Países
72%
Irlanda República
72%
França República
72%
Reino Unido Unido
72%
Países Baixos Baixos
68%
Bélgica Bélgica
68%
Reino Unido Do
68%
França Francesa
68%
Reino Unido Norte
64%
Reino Unido Grã-Bretanha
52%
Nenhum quiz correspondente encontrado
Distribuição das Pontuações
Porcentagem de Pessoas com Cada Pontuação
Percentil de Números Respondidos
Sua Pontuação Histórica
Você não jogou esse quiz